Manufacturing methods and processes (Record no. 23893)

MARC details
000 -LEADER
fixed length control field 00307nam a2200121Ia 4500
082 ## - DEWEY DECIMAL CLASSIFICATION NUMBER
Classification number 067.02
Item number ANS
100 ## - MAIN ENTRY--AUTHOR NAME
Personal name Ansley, Arthur C
245 #0 - TITLE STATEMENT
Title Manufacturing methods and processes
250 ## - EDITION STATEMENT
Edition statement Rev ed
260 ## - PUBLICATION, DISTRIBUTION, ETC. (IMPRINT)
Place of publication Philadelphia
Name of publisher Chilton
Year of publication 1957
942 ## - ADDED ENTRY ELEMENTS (KOHA)
Koha item type Books
Holdings
Withdrawn status Lost status Damaged status Not for loan Home library Current library Date acquired Cost, normal purchase price Full call number Accession Number Koha item type
        RRII Library RRII Library 16/12/2021 12.50 067.02 ANS 04587 Books